| 000 | 00506nam a22001817a 4500 | ||
|---|---|---|---|
| 005 | 20241105133951.0 | ||
| 008 | 241105b |||||||| |||| 00| 0 eng d | ||
| 020 | _a9780323045407 | ||
| 050 |
_aRT98 _b.C6562 STA |
||
| 245 |
_aPublic health nursing: _bPopulation -centered health care in the community |
||
| 250 | _a7th | ||
| 260 |
_aCanada _b Mosby Elsievier _c2008 |
||
| 300 |
_axxix,1154p, _bill, |
||
| 500 | _aindex, | ||
| 700 | _aStanhope, Marcia | ||
| 700 | _aLaneaster, Jeanette | ||
| 942 |
_2lcc _cBK _n0 |
||
| 999 |
_c638 _d638 |
||